ბათუმის შოთა რუსთაველის სახელმწიფო უნივერსიტეტის ბიბლიოთეკა

განათლების მეცნიერება / (ბიბ.ჩანაწერი № 54332)

000 -ლიდერი
ფიქსირებული სიგრძის საკონტროლო ველი 01093nam a2200265Ia 4500
001 - საკონტროლო ნომერი
საკონტროლო ველი 21388
003 - საკონტროლო ნომრის იდენტიფიკატორი
საკონტროლო ველი GE_BSU
005 - ბოლო ოპერაციის თარიღი და დრო
საკონტროლო ველი 20211108153159.0
008 - ფიქსირებული სიგრძის მონაცემთა ელემენტები - ზოგადი ინფორმაცია
ფიქსირებული სიგრძის საკონტროლო ველი 181216s2017||||ge |||||||||||||| ||geo||
020 ## - წიგნის საერთაშორისო სტანდარტული ნომერი
International Standard Book Number 9789941270895
040 ## - კატალოგიზაციის წყარო
Transcribing agency GE_BSU
041 ## - ენის კოდი
Language code of text/sound track or separate title geo
080 ## - უნივერსალური ათობითი კლასიფიკაციის ინდექსი
Universal Decimal Classification number 37(479.22)+371.011.31-051 დ-78
100 ## - მთავარი ჩანაწერი - პიროვნების სახელი
Personal name დოღონაძე, ნათელა
9 (RLIN) 12858
245 ## - ცნობა სათაურის შესახებ
Title განათლების მეცნიერება /
Statement of responsibility, etc ნათელა დოღონაძე ; ენის რედ. ქ. სიხარულიძე.
250 ## - გამოცემის ცნობა
Edition statement პირველი გამოცემა
264 ## - წარმოების, გამოცემის, დისტრიბუციის და სხვა ცნობები
გამოცემის, წარმოების, დისტრიბუციის... ადგილი თბილისი :
გამოცემის, წარმოების, დისტრიბუციის... სახელწოდება უნივერსალი,
გამოცემის, წარმოების, დისტრიბუციის... თარიღი 2017.
300 ## - ფიზიკური აღწერა
Extent 257გვ. ;
Dimensions 22 სმ.
Accompanying material +CD.
653 ## - INDEX TERM--UNCONTROLLED
Uncontrolled term განათლება საქართველოში
653 ## - INDEX TERM--UNCONTROLLED
Uncontrolled term მასწავლებლობა
653 ## - INDEX TERM--UNCONTROLLED
Uncontrolled term განათლების მეცნიერება
700 ## - ADDED ENTRY--PERSONAL NAME
Personal name სიხარულიძე, ქ.
Relator term რედაქტორი
9 (RLIN) 4124
942 ## - ADDED ENTRY ELEMENTS (KOHA)
Koha item type წიგნი
Source of classification or shelving scheme
ეგზემპლარები
ჩამოწერის სტატუსი დაკარგული ეგზემპლარის სტატუსი კლასიფიკაციის წყარო ან თაროზე გაწყობის სქემა დაზიანების სტატუსი არ გაიცემა მუდმივი მდებარეობა (დაცვის ადგილი) ამჟამინდელი ადგილსამყოფელი თაროზე განთავსების ადგილი შეძენის თარიღი ღირებულება, შესყიდვის ნორმალური ფასი სრული შენახვის შიფრი შტრიხკოდი ბოლო ოპერაციის თარიღი ეგზემპლარის მიმდევრობითი ნომერი (კეტერი?) ფასის ძალაში შესვლის თარიღი ეგზემპლარის სახეობა საჯარო შენიშვნა
          ბათუმის შოთა რუსთაველის სახელმწიფო უნივერსიტეტის მთავარი ბიბლიოთეკა ბათუმის შოთა რუსთაველის სახელმწიფო უნივერსიტეტის მთავარი ბიბლიოთეკა წიგნსაცავი 2018-12-17 11.00 37(479.22)+371.011.31-051 დ-78 55351 2018-12-17 55351 2018-12-17 წიგნი 11.00 ₾.